[Event "VEN-ch U20"]
[Site "Maracay"]
[Date "2018.05.31"]
[Round "4"]
[White "Casares Contreras, Jose Gabriel"]
[Black "Lombano Adarmes, Bryan Alexander"]
[Result "0-1"]
[WhiteElo "1065"]
[BlackElo "1273"]
[PlyCount "26"]
[EventDate "2018.05.31"]
[EventType "swiss"]
[EventRounds "7"]
[EventCountry "VEN"]
[SourceTitle "EXT 2019"]
[Source "ChessBase"]
[SourceDate "2018.10.10"]
[SourceVersion "1"]
[SourceVersionDate "2018.10.10"]
[SourceQuality "1"]

1. d4 d5 2. Nf3 Nf6 3. Bf4 Nc6 4. e3 Bf5 5. Bd3 Ne4 6. 0-0 e6 7. c3 h5 8. h3 g5 9. Bh2 g4 10. hxg4 hxg4 11. Ne5 Qh4 12. Re1 Qxf2+ 13. Kh1 Ng3# 0-1